000 00637nam a22001935i 4500
001 177152
003 ES-MaACL
005 20230906220251.0
008 110307s1966 sp |||| | spa d
080 _a821.134.2-311.2"19"
100 1 _aCerdán Tato, Enrique.
_937471
245 1 3 _aLa primera piedra /
_cE. Cerdán Tato.
260 _a[Madrid] :
_bLNP,
_c1966.
300 _a95 p. ;
_c17 cm.
490 1 _aLa novela popular. Contemporánea, inédita, española ;
_v28
830 0 _aLa novela popular. Contemporánea, inédita, española ;
_v28
_9188024
852 _aES-MaACL
_jE-14574
_xOlim P-213-Ter
999 _c177152
_d177152